Datum a čas kvízu
36.5
Celkem bodů
Celkový počet nahraných bodů na tomto kvízu bez doplňovacích otázek.
5.
Pořadí na kvízu
Konečné umístění týmu na tomto kvízu.
Zaznamenané odpovědi
| # | Otázka | Odpověď | Body | Výsledky |
|---|---|---|---|---|
| 1. | V Praze minulý týden začala st... | Pankrác | 1 | |
| 2. | Aktuálně nejstarším žijícím ps... | C | 0 | |
| 3. | Společnost Mattel vydala u pří... | královna Alžběta II. | 1 | |
| 4. | Jedna z českých nápojářských z... | Kofola | 0 | |
| 5. | Která bývalá úspěšná sportovky... | Maria Šarapovová | 0 | |
| 6. | Tímto tématem navazujeme v naš... | B | 1 | |
| 7. | Papírová dvacetikoruna byla v... | Přemysl Otakar I. | 0 | |
| 8. | Dvacet deka lásky je knihou po... | Monyová | 1 | |
| 9. | Protonové číslo dvacet má vápn... | alabastr | 0 | |
| 10. | Tramvajová linka číslo 20 vás... | Divoká Šárka | 1 |